Bioprodukty a zdravý životný štýl na Slovensku

Analýza faktorov spotrebiteľského správania v súvislosti s výberom a nákupom bioproduktov.

Na minha lista:
Detalhes bibliográficos
Autor principal: Poliačiková, Eva
Formato: Capítulo de Livro
Idioma:eslovaco
Assuntos:
Tags: Adicionar Tag
Sem tags, seja o primeiro a adicionar uma tag!

MARC

LEADER 00000naa a2200000 4500
001 0198424
005 20231211131800.9
041 0 |a slo 
044 |a SK 
245 1 0 |a Bioprodukty a zdravý životný štýl na Slovensku  |c Eva Poliačiková 
520 |a Analýza faktorov spotrebiteľského správania v súvislosti s výberom a nákupom bioproduktov. 
610 2 0 |a štýl životný 
610 2 0 |a správanie spotrebiteľa 
610 2 0 |a bioprodukty 
610 2 0 |a analýza ekonomická 
100 1 |a Poliačiková, Eva